Click the State/Province by NHL Teams - Statistics

General Stats
  • This quiz has been taken 288 times
  • The average score is 19 of 24
Answers on the Map
Answers color-coded by a green-red scale on the quiz's map according to % correct below.
 
Answer Stats
Answer % Correct
Ducks, Kings, Sharks
92%
Islanders, Rangers, Sabres
90%
Lightning, Panthers
89%
Maple Leafs, Senators
89%
Flyers, Penguins
87%
Stars
85%
Bruins
84%
Golden Knights
84%
Capitals
83%
Kraken
83%
Canadiens
82%
Canucks
82%
Devils
82%
Red Wings
82%
Wild
82%
Avalanche
79%
Predators
79%
Blackhawks
76%
Flames, Oilers
74%
Mammoth
73%
Blue Jackets
70%
Blues
70%
Hurricanes
70%
Jets
54%
No matching quizzes found
Score Distribution
Percent of People with Each Score
Percentile by Number Answered
Your Score History
You have not taken this quiz